|
|
|
|
| LEADER |
00000nab a2200000 a 4500 |
| 001 |
vtls000864333 |
| 003 |
SK-MaSNL |
| 005 |
20260302161403.0 |
| 008 |
180205c2004 xo 0 slo |
| 015 |
|
|
|a SNBRB2004/02-06679
|
| 035 |
|
|
|a CLN000215886
|
| 040 |
|
|
|a SNKBUCL
|b slo
|c SNKBUCL
|e AACR2
|
| 041 |
0 |
|
|a slo
|
| 044 |
|
|
|a xo
|c SK
|
| 080 |
|
|
|a 328.131(497.11)
|2 UDC-MRF-SK2
|
| 100 |
1 |
|
|a Drábek, Ivan
|4 aut
|9 553849
|
| 245 |
1 |
0 |
|a Kľúč od vlády v Srbsku dostal Miloševič
|c Ivan Drábek
|
| 300 |
|
|
|b Fotogr.
|
| 610 |
|
7 |
|a Srbsko.
|b Vláda
|2 snkbucl
|9 859177
|
| 655 |
|
7 |
|a články z novín a časopisov
|2 snkbucl
|9 267496
|
| 773 |
0 |
|
|x 1335-4051
|t Pravda
|g Roč. XIV, č. 29 (5.2.2004), s. 7
|
| 850 |
|
|
|a Slovenská národná knižnica v Martine
|
| 852 |
|
|
|a SNK
|b KIS3GCP
|
| 958 |
|
|
|a RBX
|
| 999 |
|
|
|c 1377206
|d 1379136
|